LEADER 01302cam0-22004331i-450- 001 990007679530403321 005 20130509101842.0 035 $a000767953 035 $aFED01000767953 035 $a(Aleph)000767953FED01 035 $a000767953 100 $a20030814d1983----km-y0itay50------ba 101 0 $aita 102 $aIT 105 $ay---n---001yy 200 1 $aDisciplina dell'adozione e dell'affidamento dei minori$ecommento teorico-pratico alla legge 4 maggio 1983 n.184$fAlfio Finocchiaro, Mario Finocchiaro 210 $aMilano$cGiuffrè$d1983 215 $a688 p.$d24 cm 225 1 $aLeggi commentate$v27 676 $a346.015 700 1$aFinocchiaro,$bAlfio$028898 701 1$aFinocchiaro,$bMario$028899 801 0$aIT$bUNINA$gRICA$2UNIMARC 901 $aBK 912 $a990007679530403321 952 $aDPR 9-338$b2108$fDEC 952 $a10-C-199BIS$fDDCP 952 $a10-C-174$b4002$fDDCP 952 $a10-C-199$b4294$fDDCP 952 $aA-I-E-24$b151$fDDRC 952 $aCOLLEZ. 216 (27)$b493$fFSPBC 952 $aCOLLEZIONE 353 (27)$b116923$fFGBC 952 $aEE 38$b1384$fDDRC 959 $aDDCP 959 $aDDRC 959 $aFGBC 959 $aFSPBC 996 $aDisciplina dell'adozione e dell'affidamento dei minori$9681212 997 $aUNINA LEADER 01395cam0-22004331i-450 001 990007473780403321 005 20191023094520.0 010 $a88-324-8681-4 035 $a000747378 035 $aFED01000747378 035 $a(Aleph)000747378FED01 035 $a000747378 100 $a20030814d1995----km-y0itay50------ba 101 0 $aita 102 $aIT 105 $ay-------001yy 200 1 $aInquinamenti ambientali$eigiene pubblica e prevenzione$elegislazione italiana e CEE, giurisprudenza aggiornata, depenalizzazioni singole, autorità preposte, sanzioni, circolari e direttive ministeriali$fSandra, Lionella e Lionello Rizzatti 205 $a11. ed. 210 $aMilano$cPirola$d1995 215 $aXIX, 1411 p.$d24 cm 225 1 $aPirola ambiente territorio$v8681 610 0 $aAmbiente$aInquinamento 610 0 $aAmbiente$aLegislazione 610 0 $aLegislazione ambientale 676 $a344.046 700 1$aRizzatti,$bSandra$019822 701 1$aRizzatti,$bLionello$015969 701 1$aRizzatti,$bLionello$015969 801 0$aIT$bUNINA$gRICA$2UNIMARC 901 $aBK 912 $a990007473780403321 952 $a60 344.046 RIZS 1995$b6076$fFAGBC 952 $aA-G 0349$bI.G.1586$fILFGE 952 $a01 B1 I 15$b02788$fDINST 959 $aILFGE 959 $aFAGBC 959 $aDINST 996 $aInquinamenti ambientali$9134852 997 $aUNINA